Sports Quiz

Random Sports or State Quiz
Score 0/80 Timer 10:00
0 Plays Today
FIRST APPEARED PLAYER % Correct
1995 G1Andrew JOHNS
96.1%
1995 G1Matthew JOHNS
95.3%
1991 G1Chris JOHNS
94.6%
1990 G1Laurie DALEY
87.9%
1990 G2Brad FITTLER
87.2%
1990 G1Ricky STUART
85.2%
1990 G1Andrew ETTINGSHAUSEN
79%
1990 G1Ben ELIAS
78.2%
1990 G1Glenn LAZARUS
77.4%
1990 G1Paul SIRONEN
75.5%
1992 G1Paul HARRAGON
74.7%
1991 G1Mark GEYER
74.3%
1990 G1Steve ROACH
73.5%
1990 G1Bradley CLYDE
73.5%
1999 G1Matt GEYER
73.5%
1990 G1Rod WISHART
72.4%
1990 G1Geoff TOOVEY
72.4%
1992 G3Tim BRASHER
70.4%
1990 G3Greg ALEXANDER
67.3%
1991 G1Cliff LYONS
67.3%
1990 G1Graham LYONS
65%
1994 G2Brett MULLINS
64.6%
1995 G1Steve MENZIES
63.4%
1990 G1Michael O'CONNOR
61.5%
1990 G1Mark McGAW
61.5%
1995 G1Mark CARROLL
59.9%
1993 G3Terry HILL
58.8%
1999 G1Ryan GIRDLER
58.8%
1990 G2Brad MACKAY
57.2%
1992 G1Paul McGREGOR
57.2%
1992 G1Graham MACKAY
56.8%
1990 G1Ian ROBERTS
56%
1995 G2John HOPOATE
56%
1990 G2Des HASLER
53.3%
1994 G2Dean PAY
52.5%
1990 G1David GILLESPIE
51.4%
1999 G1Anthony MUNDINE
51.4%
1999 G1Bryan FLETCHER
50.2%
1996 G1Jim DYMOCK
49.8%
1999 G2Ben KENNEDY
48.6%
FIRST APPEARED PLAYER % Correct
1994 G2Ken NAGAS
47.9%
1996 G1David FURNER
47.9%
1990 G1Ricky WALFORD
47.5%
1991 G2John CARTWRIGHT
47.5%
1999 G1Luke RICKETSON
47.5%
1994 G1David BARNHILL
46.7%
1993 G2Jason TAYLOR
45.9%
1999 G1Darren ALBERT
45.9%
1998 G1Adam MacDOUGALL
45.1%
1996 G1Jamie AINSCOUGH
44.7%
1997 G3Trent BARRETT
44%
1999 G1Robbie ROSS
44%
1998 G3Robbie KEARNS
43.6%
1998 G3Tony BUTTERFIELD
42.4%
1991 G3David FAIRLEIGH
41.6%
1995 G1Matt SEERS
41.2%
1997 G1Nik KOSEF
41.2%
1991 G3Brad IZZARD
40.9%
1992 G1John SIMON
40.9%
1998 G1Rodney HOWE
40.1%
1992 G2Steve CARTER
39.7%
1995 G1Adam MUIR
38.1%
1995 G1Greg FLORIMO
37.4%
1990 G3Mark SARGENT
36.6%
1993 G2Jason CROKER
36.6%
1993 G3Scott GOURLEY
36.6%
1995 G1Jim SERDARIS
36.2%
1999 G1Craig GOWER
36.2%
1990 G1Bruce McGUIRE
35%
1992 G1Robbie McCORMACK
35%
1997 G1Ken McGUINNESS
34.6%
1995 G2Brett RODWELL
32.7%
1995 G1Craig HANCOCK
32.3%
1991 G3Craig SALVATORI
31.5%
1990 G2Andrew FARRAR
29.6%
1995 G3David HALL
28.8%
1997 G3Michael BUETTNER
28.8%
1999 G1Jason STEVENS
28%
1999 G2Michael VELLA
26.5%
22.2%
Remove Ads.
Support Sporcle.
Get the best of Sporcle when you Go Orange. This ad-free experience offers more features, more stats, and more fun while also helping to support Sporcle. Thank you for becoming a member.

You're not logged in!

Compare scores with friends on all Sporcle quizzes.
OR
Log In

Show Comments

Extras

Top Quizzes Today


Score Distribution

Your Account Isn't Verified!

In order to create a playlist on Sporcle, you need to verify the email address you used during registration. Go to your Sporcle Settings to finish the process.

Report this User

Report this user for behavior that violates our Community Guidelines.

Details: